In memoriam Sviatoslay Richter (1915-1997)

Αποθηκεύτηκε σε:
Λεπτομέρειες βιβλιογραφικής εγγραφής
Άλλοι συγγραφείς: Schumann, Robert, 1810-1856, Sviatoslay Richter 1915-1997 (Ερμηνευτής), Bach, Johann Sebastian, 1685-1750
Μορφή: CD Ηχητικό
Γλώσσα:English
Δημοσίευση: [Χ.τ.] : Supraphon, 1997
Θέματα:
Ετικέτες: Προσθήκη ετικέτας
Δεν υπάρχουν, Καταχωρήστε ετικέτα πρώτοι!

MARC

LEADER 00000cjm a2200000 i 4500
001 1/56859
007 sd fs gn m ed
008 040607s1997 gr eng d
028 0 1 |a 641946-2  |b Supraphon 
035 |l 10073672 
040 |a GR-MY-UA  |b gre  |e aacr 
041 0 |a eng 
082 0 |a 786.2  |2 (21η εκδ.) 
245 1 0 |a In memoriam Sviatoslay Richter (1915-1997)  |h [ηχογράφηση] /  |c Sviatoslay Richter 
260 |a [Χ.τ.] :   |b Supraphon,   |c 1997 
300 |a 1 δίσκος κόμπακτ (64 λεπτ., 56 δευτ.);  |b ψηφιακός, στέρεο;  |c 4 3/4 ιν. 
500 |a Το ΉΧΟΣ & CD 23/294 είναι συνοδυτικό υλικό του τεύχους Σεπτεμβρίου 1997 του περιοδικού ΉΧΟΣ & Hi-Fi 
505 0 |a 1. Piano conserto--2. In minor BWV 1052--3. Fantasiestucke op.12--4. March in G minor op.76 No 2--5. Waldszenenop.82 
508 |a Καλλιτεχνική επιμέλεια Γιώργος Ι. Παναγιώτου 
511 |a J. S. Bach, Schumann Robert 
650 0 0 |a Piano music. 
650 0 0 |a Sonatas (Piano) 
700 1 |a Schumann, Robert,   |d 1810-1856. 
700 1 |a Sviatoslay Richter  |d 1915-1997.  |4 prf 
700 1 |a Bach, Johann Sebastian,   |d 1685-1750. 
852 |a INST  |b LESVOS  |c AV  |e 20040607  |h 786.2 SVI  |p 005100028177  |q 005100028177  |t CD  |y 23 
901 |a BIBL1-2004-2 
909 |a Λ  |b 111996 
970 |a ΜΑΡΙΝΑΤΟΥ  |b ΜΥΡΣΙΝΗ  |z 2004/06/07